The state of agricultural commodity markets.

Na minha lista:
Detalhes bibliográficos
Autor Corporativo: FAO
Formato: Livro
Idioma:Undetermined
Publicado em: Rome, Italy FAO 2006
Assuntos:
Tags: Adicionar Tag
Sem tags, seja o primeiro a adicionar uma tag!
Thư viện lưu trữ: Trung tâm Học liệu Trường Đại học Cần Thơ
LEADER 00548nam a2200193Ia 4500
001 CTU_130536
008 210402s9999 xx 000 0 und d
082 |a 380.141 
082 |b F686 
110 |a FAO 
245 4 |a The state of agricultural commodity markets. 
245 0 |c FAO 
260 |a Rome, Italy 
260 |b FAO 
260 |c 2006 
650 |a Food industry and trade,Commodity exchanges,Agriculture 
650 |x Statistics,Statistics,Economic aspects 
904 |i Minh 
980 |a Trung tâm Học liệu Trường Đại học Cần Thơ